[Event "Challenge"]
[Site "http://www.queenalice.com/game.php?id=67429"]
[Date "2006.5.7"]
[Round "-"]
[White "Belfagor"]
[Black "Catao"]
[Result "0-1"]
[WhiteElo "1211"]
[BlackElo "1758"]

1. e4 c5 2. Nf3 Nc6 3. c3 d5 4. exd5 Qxd5 5. d4 cxd4 6. cxd4 e6 7. Nc3 Qd8 8.
Bb5 a6 9. Bxc6+ bxc6 10. O-O Nf6 11. Bg5 Be7 12. Rc1 Bb7 13. Re1 O-O 14. Ne4
Nxe4 15. Bxe7 Qxe7 16. Rxe4 c5 17. dxc5 Bxe4 0-1

[Event "AUTO-MASTER-146"]
[Site "http://www.queenalice.com/game.php?id=69190"]
[Date "2006.5.14"]
[Round "1"]
[White "Edgar"]
[Black "Belfagor"]
[Result "1-0"]
[WhiteElo "1952"]
[BlackElo "1203"]

1. e4 e6 2. e5 d5 3. exd6 Bxd6 4. Nf3 Nf6 5. d4 O-O 6. Nc3 b6 7. Bd3 Bb7 8. O-O
Nbd7 9. Re1 c5 10. Nb5 Be7 11. Ng5 a6 12. Nc3 cxd4 13. Ne2 e5 14. Ng3 h6 15.
N5e4 Rc8 16. c3 dxc3 17. Nxc3 b5 18. Be3 Re8 19. Rc1 Nc5 20. Bf5 Rc7 21. Qe2 Qa8
22. f3 e4 23. Ncxe4 1-0

[Event "AUTO-MASTER-146"]
[Site "http://www.queenalice.com/game.php?id=69191"]
[Date "2006.5.14"]
[Round "1"]
[White "Belfagor"]
[Black "Edgar"]
[Result "1-0"]
[WhiteElo "1211"]
[BlackElo "1915"]

1. e4 e5 2. Nf3 Nc6 3. d4 exd4 4. Nxd4 Bc5 5. Be3 Qf6 6. c3 Nge7 7. Bc4 d5 8.
exd5 Ne5 9. Nd2 Qg6 10. Bb5+ c6 11. dxc6 bxc6 12. Nxc6 Bxe3 13. Nxe5+ 1-0

[Event "AUTO-MASTER-146"]
[Site "http://www.queenalice.com/game.php?id=69206"]
[Date "2006.5.14"]
[Round "1"]
[White "brunoparadisi"]
[Black "Belfagor"]
[Result "0-1"]
[WhiteElo "1766"]
[BlackElo "1211"]

1. e4 e6 2. d4 d5 3. e5 c5 4. c3 Nc6 5. Nf3 Qb6 6. Be2 cxd4 7. cxd4 Nge7 8. Nc3
Nf5 9. Na4 Qa5+ 10. Nc3 Bb4 11. O-O Bd7 12. Qd3 Rc8 13. Bd2 O-O 14. a3 Bxc3 15.
bxc3 h6 16. Bd1 f6 17. Bc2 fxe5 18. dxe5 Be8 19. g4 Bg6 20. c4 Nh4 21. Qxg6 Nxg6
22. Bxa5 Nxa5 23. Bxg6 Rxc4 24. Kg2 Rxg4+ 25. Kh3 Rxg6 26. Nh4 Rg5 27. f4 Rh5
28. Kg4 Rxh4+ 29. Kxh4 Nc4 30. Ra2 Nxe5 31. Re2 Nd3 32. Kg4 e5 33. f5 Rc8 34.
Kh5 Nf4+ 35. Kg4 Nxe2 36. f6 Rc4+ 0-1

[Event "AUTO-MASTER-146"]
[Site "http://www.queenalice.com/game.php?id=69207"]
[Date "2006.5.14"]
[Round "1"]
[White "Belfagor"]
[Black "brunoparadisi"]
[Result "1-0"]
[WhiteElo "1211"]
[BlackElo "1766"]

1. e4 c6 2. d4 g6 3. Nf3 Bg7 4. Nc3 d5 5. h3 Nh6 6. Bf4 f6 7. exd5 cxd5 8. Nb5
Na6 9. Bd3 O-O 10. O-O Qa5 11. Qd2 Qxd2 12. Bxd2 Nf7 13. Rfe1 Bd7 14. Rxe7 Bc6
15. Rae1 Bh6 16. Bxh6 Nxh6 17. a3 Nf5 18. Bxf5 Bxb5 19. Be6+ Kh8 20. Bxd5 Bc6
21. Bxc6 bxc6 22. R1e6 Rfc8 23. Rxf6 Rc7 24. Rxc7 Nxc7 25. Rxc6 Nd5 26. Ne5 Kg7
27. c4 Ne7 28. Rc7 Kf6 29. Nc6 Nxc6 30. Rxc6+ Kf5 31. Rc7 h5 32. Re7 Kf6 33. Re2
a5 34. f3 Ra6 35. Re5 a4 36. Kf2 Rb6 37. Re2 Kf5 38. g4+ hxg4 39. hxg4+ Kf4 40.
Re4+ Kg5 41. Re2 Kf4 42. c5 Rc6 43. Rc2 1-0

[Event "AUTO-MASTER-146"]
[Site "http://www.queenalice.com/game.php?id=69216"]
[Date "2006.5.14"]
[Round "1"]
[White "Rumel"]
[Black "Belfagor"]
[Result "1-0"]
[WhiteElo "1574"]
[BlackElo "1211"]

1. d4 Nf6 2. Nc3 d5 3. Nf3 g6 4. Bf4 Bg7 5. e3 O-O 6. Be2 c5 7. dxc5 Nc6 8. O-O
e6 9. a3 Bd7 10. Re1 Re8 11. Bd6 Ne7 12. b4 Nf5 13. Be5 Bc6 14. b5 Bd7 15. a4
Rc8 16. Bd3 Rxc5 17. Nd4 Rxc3 18. Nxf5 exf5 19. Bxc3 Qc7 20. Bd4 Ng4 21. g3 1-0

[Event "AUTO-MASTER-146"]
[Site "http://www.queenalice.com/game.php?id=69217"]
[Date "2006.5.14"]
[Round "1"]
[White "Belfagor"]
[Black "Rumel"]
[Result "0-1"]
[WhiteElo "1209"]
[BlackElo "1576"]

1. e4 e5 2. Nf3 Nc6 3. d4 exd4 4. Nxd4 Qf6 5. Be3 Bc5 6. c3 a5 7. Bc4 Ne5 8. Be2
d6 9. Nd2 Be6 10. Nxe6 Qxe6 11. Bxc5 dxc5 12. Qa4+ c6 13. O-O Nf6 14. f4 Ned7
15. e5 Nd5 16. f5 Qxe5 17. Nc4 Qc7 18. Qc2 b5 19. Qe4+ Ne7 0-1